Teaching and learning with multimedia
Saved in:
| Main Authors: | , , |
|---|---|
| Format: | Bog |
| Sprog: | engelsk |
| Udgivet: |
Londres
Routledge
1997
|
| Fag: | |
| Tags: |
Tilføj Tag
Ingen Tags, Vær først til at tagge denne postø!
|
MARC
| LEADER | 00000nam a2200000 a 4500 | ||
|---|---|---|---|
| 001 | UCN5265 | ||
| 003 | CL-VaPUC | ||
| 008 | 010824e19970000UK |||||||||||||||||eng|d | ||
| 082 | 0 | 4 | |a 371.335 |b COL |2 21 |
| 100 | 0 | |a Collins, Janet |e author |9 461351 | |
| 700 | 0 | |a Hammond, Michael |e author |9 461352 | |
| 700 | 0 | |a Wellington, Jerry |e author |9 461353 | |
| 245 | 1 | 0 | |a Teaching and learning with multimedia |
| 300 | |a 145 p | ||
| 942 | |c BK | ||
| 945 | |d 20010824 00:00:00 |a cmena | ||
| 260 | |a Londres |b Routledge |c 1997 | ||
| 650 | 7 | |a MATERIAL AUDIOVISUAL |2 CL-VaPUC |9 308466 | |
| 650 | 0 | |a Métodos de enseñanza |9 270413 | |
| 583 | |a last modification |c 20170829 04:17:12 |k Rodrigo Vera | ||
| 999 | |c 296914 |d 296912 | ||
| 952 | |0 0 |1 0 |4 0 |6 371_335000000000000_COL_1997 |7 0 |8 A |9 351206 |a FDOPOS |b FDOPOS |d 2019-11-21 |i 3750760 |o 371.335 COL 1997 |p 3750760 |r 2025-01-22 |w 2019-11-21 |y BK |k MLA | ||